00708 a2200193 4500020002400000020002400024050002000048100002700068245007700095264005600172300002100228500005100249504005100300650002200351650002000373650004700393650004300440650003100483 a9781138642454 (hbk) a9781138194304 (pbk)00aKF380. JUN 20161 aJunker, Kirk,eauthor.10aLegal culture in the United States :ban introduction /cKirk W. Junker. 1aAbingdon, Oxon ;aNew York, NY :bRoutledge,c2016. axxv, 226 pages ; aIncludes bibliographical references and index. aIncludes bibliographical references and index. 0aLawxMethodology. 0aCulture and law 0aJustice, Administration ofxSocial aspects 0aAdversary system (Law)xSocial aspects 0aSociological jurisprudence